000 00921cam a22002773a 4500
001 463
003 PGUSA
005 20140828082948.0
008 960301s1996||||xxu|||||s|||||000 1 eng d
040 _aPGUSA
_beng
042 _adc
050 4 _aPS
100 1 _aCrane, Stephen,
_d1871-1900
245 1 4 _aThe Red Badge of Courage :
_bAn Episode of the American Civil War
_h[electronic resource] /
_cStephen Crane
260 _bProject Gutenberg,
_c1996
506 _aPublic domain in the USA.
516 _aElectronic text
653 _aChancellorsville, Battle of, Chancellorsville, Va., 1863 -- Fiction
653 _aHistorical fiction
653 _aVirginia -- History -- Civil War, 1861-1865 -- Fiction
653 _aUnited States -- History -- Civil War, 1861-1865 -- Fiction
653 _aWar stories
830 0 _aProject Gutenberg
_v463
856 4 0 _uhttp://www.gutenberg.org/ebooks/463
942 _cEB
999 _c229814
_d229814